| 000 | 01054nam a22002537a 4500 | ||
|---|---|---|---|
| 005 | 20170124102942.0 | ||
| 010 | _aB-068005 | ||
| 020 |
_c150.00 _a8188267007 |
||
| 035 | _aB-068005 | ||
| 037 | _bCen Lib/Ret | ||
| 040 |
_aDPL _bHN |
||
| 082 |
_a827 _bचतुर्वे |
||
| 100 |
_aचतुर्वेदी, गोपाल _942803 |
||
| 245 |
_aफार्म हाउस के लोग / _cगोपाल चतुर्वेदी |
||
| 246 |
_aFarm house ke log / _bby Gopal Chaturvedi |
||
| 260 |
_aनई दिल्ली _bग्रन्थ अकादमी _c2002 |
||
| 270 |
_a1659, पुराना दरियागंज _bनई दिल्ली _e110002 |
||
| 300 |
_a159पृ. _c21सेमी (सजिल्द) |
||
| 650 |
_aहिन्दी -- साहित्य _948619 |
||
| 650 |
_aहिन्दी -- कहानियां _948620 |
||
| 650 |
_aHindi - literature _948621 |
||
| 650 |
_aHindi -- Stories _948622 |
||
| 942 |
_2ddc _cHN _h827 _mचतुर्वे |
||
| 999 |
_c112662 _d112662 |
||